Complex variables and applications (Record no. 3507)

000 -LEADER
fixed length control field 00586nam a22002297a 4500
001 - CONTROL NUMBER
control field 3507
003 - CONTROL NUMBER IDENTIFIER
control field BD-DhUET
008 - FIXED-LENGTH DATA ELEMENTS--GENERAL INFORMATION
fixed length control field 141101b xxu||||| |||| 00| 0 eng d
020 ## - INTERNATIONAL STANDARD BOOK NUMBER
International Standard Book Number 0070108552
040 ## - CATALOGING SOURCE
Transcribing agency 0
Modifying agency BD-DhUET
082 ## - DEWEY DECIMAL CLASSIFICATION NUMBER
Classification number 517.8
Item number CHU/1974
100 ## - MAIN ENTRY--PERSONAL NAME
Personal name Churchill, Ruel V.
245 ## - TITLE STATEMENT
Title Complex variables and applications
250 ## - EDITION STATEMENT
Edition statement 3rd ed.
260 ## - PUBLICATION, DISTRIBUTION, ETC. (IMPRINT)
Place of publication, distribution, etc. New York
Name of publisher, distributor, etc. McGraw-Hill
Date of publication, distribution, etc. 1974
300 ## - PHYSICAL DESCRIPTION
Extent x, 332 p.
Other physical details ill.
Dimensions 23 cm.
504 ## - BIBLIOGRAPHY, ETC. NOTE
Bibliography, etc Includes bibliographies
650 #0 - SUBJECT ADDED ENTRY--TOPICAL TERM
Topical term or geographic name as entry element Complex variables
700 ## - ADDED ENTRY--PERSONAL NAME
Personal name Brown, James W.
700 ## - ADDED ENTRY--PERSONAL NAME
Personal name Verhey, Roger F.
942 ## - ADDED ENTRY ELEMENTS (KOHA)
Koha item type General Book
Holdings
Sublocation or collection (holding branch) Copy number Koha item type Piece designation (barcode) Not for loan Date acquired Lost status Koha date last seen Koha date last borrowed Damaged status Koha full call number Koha normalized classification for sorting Price effective from Location (home branch) Shelving location Koha renewals Source of classification or shelving scheme Withdrawn status
Central Library, BUET1General Book39411 2014-11-01 2014-11-01  517.8/CHU/1974517_800000000000000_CHU_19742014-11-01Central Library, BUETCirculation section   
Central Library, BUET2General Book43301 2014-11-01 2014-11-01  517.8/CHU/1974517_800000000000000_CHU_19742014-11-01Central Library, BUETCirculation section   
Central Library, BUET3General Book45109 2014-11-01 2014-11-01  517.8/CHU/1974517_800000000000000_CHU_19742014-11-01Central Library, BUETCirculation section   
Central Library, BUET4General Book52889 2014-11-01 2016-05-18  517.8/CHU/1974517_800000000000000_CHU_19742014-11-01Central Library, BUETCirculation section   
Central Library, BUET5General Book37655 2014-11-17 2016-04-02  517.8/CHU/1974517_800000000000000_CHU_19742014-11-17Central Library, BUETCirculation section   
Central Library, BUET6General Book58032 2014-11-17 2016-08-30  517.8/CHU/1974517_800000000000000_CHU_19742014-11-17Central Library, BUETCirculation section2  
Central Library, BUET7General Book52887 2015-05-03 2015-05-030000-00-00 517.8/CHU/1974517_800000000000000_CHU_19742015-05-03Central Library, BUETCirculation section   
Central Library, BUET8General Book37654 2015-05-03 2015-05-03  517.8/CHU/1974517_800000000000000_CHU_19742015-05-03Central Library, BUETCirculation section   
Central Library, BUET9General Book39412 2015-05-04 2015-05-04  517.8/CHU/1974517_800000000000000_CHU_19742015-05-04Central Library, BUETCirculation section   
Central Library, BUET10General Book58033 2015-05-20 2015-05-20  517.8/CHU/1974517_800000000000000_CHU_19742015-05-20Central Library, BUETCirculation section   
Central Library, BUET11Reading Item24535 2015-06-13 2015-06-13  517.8/CHU/1974517_800000000000000_CHU_19742015-06-13Central Library, BUETReading section   
Central Library, BUET12General Book43304 2015-07-13 2015-07-13  517.8/CHU/1974517_800000000000000_CHU_19742015-07-13Central Library, BUETCirculation section